Sports Quiz

Random Sports or Baseball Quiz
Score 0/199 Timer 20:00
0 Plays Today
Games Played Name % Correct
1252Jason Kendall
97.9%
1159Jack Wilson
95.7%
634Craig Wilson
93.6%
719Jason Bay
91.5%
577Andrew McCutchen
91%
86Enrique Wilson
89.9%
715Brian Giles
89.4%
10Glenn Wilson
89.4%
885Al Martin
86.7%
1008Kevin Young
86.2%
676Freddy Sanchez
84%
533Garrett Jones
81.4%
234Delwyn Young
80.3%
553Jay Bell
79.8%
559Aramis Ramirez
78.7%
415Neil Walker
78.7%
50Gaby Sanchez
78.7%
46Derek Bell
78.7%
43Alex Ramirez
75.5%
318Pedro Alvarez
71.8%
611Ryan Doumit
71.3%
515Nate McLouth
70.2%
375Adam LaRoche
69.7%
301Andy LaRoche
68.1%
284Mark Johnson
67.6%
38Tony Alvarez
66.5%
529Jeff King
66%
130Mark Smith
61.7%
94Lonnie Smith
61.7%
408Adrian Brown
61.2%
196Emil Brown
61.2%
130Reggie Sanders
61.2%
11Dusty Brown
60.6%
130Brant Brown
59.6%
84Kenny Lofton
59%
339Warren Morris
58%
400Jose Bautista
57.4%
215Joe Randa
57.4%
497Orlando Merced
56.9%
269Xavier Nady
56.9%
227Don Slaught
56.9%
444Carlos Garcia
55.9%
185Bobby Hill
55.9%
173Freddy Garcia
55.9%
104Rod Barajas
55.9%
593Rob Mackowiak
54.8%
296Jose Tabata
54.8%
465Jose Castillo
52.1%
313Ronny Cedeno
52.1%
240Pat Meares
51.6%
144Clint Barmes
51.1%
121Xavier Paul
51.1%
157Nyjer Morgan
50.5%
351Tony Womack
50%
336Jose Guillen
50%
243Turner Ward
50%
212Daryle Ward
50%
1Mike LaValliere
50%
630Abraham Nunez
49.5%
392Tike Redman
49.5%
156Pokey Reese
49.5%
44Rajai Davis
49.5%
25Gorkys Hernandez
49.5%
304Ronny Paulino
48.9%
53J.J. Davis
48.9%
27Alex Hernandez
48.9%
193Chris Duffy
48.4%
Games Played Name % Correct
125Jose Hernandez
48.4%
30Eddie Williams
47.9%
111Jeromy Burnitz
47.3%
47Starling Marte
46.8%
59Sean Casey
45.7%
152Randall Simon
45.2%
231John Vanderwal
44.1%
169Josh Harrison
44.1%
359Keith Osik
43.6%
171Lastings Milledge
43.1%
28Derrek Lee
43.1%
139Chad Hermansen
42.6%
238Jermaine Allensworth
42%
196Humberto Cota
42%
137Ed Sprague
41%
103Lyle Overbay
39.9%
73Manny Martinez
39.9%
42Jordy Mercer
39.9%
7Josh Rodriguez
39.9%
6Benito Santiago
39.9%
146Michael McKenry
38.8%
139Lloyd McClendon
38.3%
311Mike Benjamin
36.7%
50Travis Snider
36.7%
195Brandon Moss
36.2%
100Matt Diaz
35.6%
26Raul Mondesi
35.6%
43Robinzon Diaz
35.1%
22Argenis Diaz
35.1%
101Matt Lawton
33.5%
65Mark Parent
33.5%
272John Wehner
33%
121Matt Stairs
33%
74Chris Snyder
33%
39Kevin Elster
33%
365Dave Clark
32.4%
128Charlie Hayes
31.9%
78Armando Rios
31.9%
175Alex Presley
31.4%
89Wil Cordero
30.9%
77Jeff Clement
30.9%
117Mike Kingery
30.3%
74Chris Stynes
29.3%
165Kevin Polcovich
28.7%
128Lou Collier
28.7%
74Brad Eldred
28.7%
54Akinori Iwamura
28.2%
13Ivan Cruz
27.7%
145Jacob Brumfield
27.1%
49Luis Cruz
27.1%
38Ryan Ludwick
27.1%
173Adam Hyzdu
26.6%
18Shawon Dunston
26.6%
185Steve Pearce
26.1%
45Joe Oliver
26.1%
115Ty Wigginton
25%
119Jason Jaramillo
24.5%
93Jeff Reboulet
24.5%
61Bobby Crosby
24.5%
188Andy Van Slyke
23.9%
76Brian Hunter
23.9%
102Jason Michaels
22.9%
62Rich Aude
22.9%
99Brandon Wood
21.8%
90Chris Gomez
21.8%
25Mendy Lopez
21.3%
125Doug Mientkiewicz
20.7%
Games Played Name % Correct
56Chase d'Arnaud
20.7%
40David Ross
20.7%
187Dale Sveum
19.7%
24Brock Holt
19.1%
79Luis Rivas
18.6%
66Tom Prince
18.6%
61Luis Sojo
18.6%
68Brian Bixler
18.1%
46Gary Matthews
17.6%
92Casey McGehee
17%
45Cesar Izturis
17%
172Midre Cummings
16.5%
25Don Kelly
16.5%
67Gary Varsho
16%
54Eric Hinske
16%
10Eric Fryer
16%
21Carlos Maldonado
15.4%
9Erik Kratz
15.4%
4Jody Gerut
15.4%
219Nelson Liriano
14.9%
85Carlos Rivera
14.9%
6J.R. House
14.9%
101Ramon Vazquez
14.4%
42Raul Chavez
14.4%
40Lance Parrish
14.4%
34Craig Monroe
14.4%
30Matt Hague
13.8%
69Ryan Church
13.3%
31Pedro Ciriaco
13.3%
3Wyatt Toregas
13.3%
47Matt Kata
12.8%
25Will Pennyfeather
12.8%
72Bruce Aven
12.2%
45John Bowker
12.2%
65Angelo Encarnacion
11.7%
14Mike Edwards
11.7%
58Josh Phelps
11.2%
52Michael Restovich
11.2%
24Trey Beamon
10.6%
13J.J. Furmaniak
10.6%
90Doug Strange
10.1%
145Tom Foley
9.6%
24Drew Sutton
8.5%
21Jeff Salazar
8.5%
89Steve Pegues
7.4%
19Ruben Mateo
7.4%
23Scott Bullett
5.9%
20Tim Laker
5.9%
15Ben Shelton
5.9%
5Matt Pagnozzi
5.9%
3Ray Sadler
5.3%
29Yamaico Navarro
4.8%
17Andy Barkett
4.8%
14Mackey Sasser
4.8%
4Luis Figueroa
4.8%
1Yamid Haad
4.8%
22Jerry Goff
4.3%
27Andy Tomberlin
3.7%
14Chance Sanford
3.7%
2Junior Noboa
3.7%
11John Raynor
3.2%
9Chris Tremie
2.7%
13Steve Bieser
1.6%
3Alfredo Amezaga
1.6%
3Yurendell de Caster
1.6%

You're not logged in!

Compare scores with friends on all Sporcle quizzes.
OR
Log In

Sporcle TV

Today on Sporcle TV


Watch our educational content, quiz creation guides, and fun videos on Sporcle TV.

Show Comments

Extras

Top Quizzes Today


Score Distribution

Paid Content

Your Account Isn't Verified!

In order to create a playlist on Sporcle, you need to verify the email address you used during registration. Go to your Sporcle Settings to finish the process.

Report this User

Report this user for behavior that violates our Community Guidelines.

Details: